Γραφικά υπολογιστών με OpenGL
Αποθηκεύτηκε σε:
| Κύριος συγγραφέας: | |
|---|---|
| Άλλοι συγγραφείς: | |
| Μορφή: | Βιβλίο |
| Γλώσσα: | Greek English |
| Δημοσίευση: |
Θεσσαλονίκη :
Τζιόλα,
c2018.
|
| Έκδοση: | 3η βελτιωμένη έκδοση. |
| Θέματα: | |
| Ετικέτες: |
Προσθήκη ετικέτας
Δεν υπάρχουν, Καταχωρήστε ετικέτα πρώτοι!
|
MARC
| LEADER | 00000cam a2200000 a 4500 | ||
|---|---|---|---|
| 001 | 1/117811 | ||
| 008 | 190116s2018####gr | ||| |||| ||gre|| | ||
| 020 | |a 9789604188338 | ||
| 040 | |a GR-MyUa |b gre |c GR-MyUa |e AACR2 | ||
| 041 | 1 | |a gre |h eng | |
| 082 | 7 | |a 006.6 |2 (23) | |
| 100 | 1 | |a Hearn, Donald. | |
| 245 | 1 | 0 | |a Γραφικά υπολογιστών με OpenGL / |c Donald Heran, M. Pauline Baker ; επιστημονική επιμέλεια Παναγιώτης Μποζάνης ; μετάφραση Γεώργιος Σίσιας. |
| 250 | |a 3η βελτιωμένη έκδοση. | ||
| 260 | |a Θεσσαλονίκη : |b Τζιόλα, |c c2018. | ||
| 300 | |a xxiii, 852 σ. : |b εικ. ; |c 30 εκ. | ||
| 500 | |a Τίτλος πρωτοτύπου: Computer graphics with OpenGL, 3rd ed. | ||
| 504 | |a Βιβλιογραφία: σ. 779-792. Ευρετήριο. | ||
| 630 | 0 | 0 | |a OpenGL. |
| 650 | 0 | |a Computer graphics. | |
| 700 | 1 | |a Baker, M. Pauline. | |
| 852 | |a INST |b SAMOS |e 20220204 |h 006.6 HEA |p 005300047033 |q 005300047033 |t BK |y 0 | ||
| 852 | |a INST |b SYROS |c EUDOXUS |e 20190118 |h 006.6 HEA |p 005500013813 |q 005500013813 |t EDX |y 0 | ||
| 920 | |a Εύδοξος |b Παραγγελία |y Σύρος-ΤΜΣΠΣ |z 2019-01 | ||
| 970 | |a Κοντού |b Παρασκευή |z 16/01/2019 | ||